Animals that are Orange - Statistics

General Stats
  • This quiz has been taken 66 times
  • The average score is 5 of 12
Answer Stats
Picture Answer % Correct
Bengal Tiger
98%
Orangutan
98%
Red Fox
97%
Monarch Butterfly
76%
Japanese Spider Crab
46%
Pacman Frog
10%
Orange Starfish
8%
Eastern Newt
5%
Orange Slug
5%
Orange Cup Coral
3%
North American Leech
2%
Sting Fish
2%
No matching quizzes found
Score Distribution
Percent of People with Each Score
Percentile by Number Answered
Your Score History
You have not taken this quiz